The ultimate CSS reference / (Record no. 298044)
[ view plain ]
| 000 -LEADER | |
|---|---|
| fixed length control field | 00814nam a22001937a 4500 |
| 003 - CONTROL NUMBER IDENTIFIER | |
| control field | SISC |
| 005 - DATE AND TIME OF LATEST TRANSACTION | |
| control field | 20160725123317.0 |
| 008 - FIXED-LENGTH DATA ELEMENTS--GENERAL INFORMATION | |
| fixed length control field | 160725b xxu||||| |||| 00| 0 eng d |
| 020 ## - INTERNATIONAL STANDARD BOOK NUMBER | |
| International Standard Book Number | 978098028 |
| 050 ## - LIBRARY OF CONGRESS CALL NUMBER | |
| Classification number | TK 5105.888 Ol52 2008 |
| 245 ## - TITLE STATEMENT | |
| Title | The ultimate CSS reference / |
| Statement of responsibility, etc | Tommy Olsson & Paul O'Brien. |
| 250 ## - EDITION STATEMENT | |
| Edition statement | 1st ed. |
| 260 ## - PUBLICATION, DISTRIBUTION, ETC. (IMPRINT) | |
| Place of publication, distribution, etc | Collingwood, Vic. : |
| Name of publisher, distributor, etc | Sitepoint, |
| Date of publication, distribution, etc | c2008. |
| 300 ## - PHYSICAL DESCRIPTION | |
| Extent | xiv, 420 p. : |
| Other physical details | col. ill. ; |
| Dimensions | 24 cm. |
| 520 ## - SUMMARY, ETC. | |
| Summary, etc | A first reference book will be simultaneously released online and in print in order to get publicity, user buy-in, and interaction. A well thought out presentation and organization of the book will ensure that the information is as quick to access, and easy to scan. |
| 650 ## - SUBJECT ADDED ENTRY--TOPICAL TERM | |
| Topical term or geographic name as entry element | Cascading style sheets. |
| 700 ## - ADDED ENTRY--PERSONAL NAME | |
| Personal name | O'Brien, Paul. |
| 942 ## - ADDED ENTRY ELEMENTS (KOHA) | |
| Source of classification or shelving scheme | Library of Congress Classification |
| Koha item type | Books |
No items available.